<?xml version="1.0" encoding="UTF-8"?>
<record
    xmlns:xsi="http://www.w3.org/2001/XMLSchema-instance"
    xsi:schemaLocation="http://www.loc.gov/MARC21/slim http://www.loc.gov/standards/marcxml/schema/MARC21slim.xsd"
    xmlns="http://www.loc.gov/MARC21/slim">

  <leader>01178nam a2200205 i 4500</leader>
  <controlfield tag="001">189618</controlfield>
  <controlfield tag="003">ES-MaACL</controlfield>
  <controlfield tag="005">20250626063224.0</controlfield>
  <controlfield tag="008">190703s1866    fr           |||| | fre d</controlfield>
  <datafield tag="100" ind1="1" ind2=" ">
    <subfield code="a">&#xC9;lie de Beaumont, L&#xE9;once, </subfield>
    <subfield code="d">1798-1874</subfield>
    <subfield code="9">46988</subfield>
  </datafield>
  <datafield tag="245" ind1="1" ind2="0">
    <subfield code="a">Tableau des donn&#xE9;es num&#xE9;riques </subfield>
    <subfield code="b">: qui fixent, sur la surface de la France et des contr&#xE9;es limitrophes, les points o&#xF9; se coupent mutuellement vingt-neuf cercles du r&#xE9;seau pentagonal / </subfield>
    <subfield code="c">par M. L. &#xC9;lie de Beaumont.</subfield>
  </datafield>
  <datafield tag="260" ind1=" " ind2=" ">
    <subfield code="a">Paris : </subfield>
    <subfield code="b">Gauthier-Villars, Imp.-Lib., </subfield>
    <subfield code="c">1866.</subfield>
  </datafield>
  <datafield tag="300" ind1=" " ind2=" ">
    <subfield code="a">44 p. ; </subfield>
    <subfield code="c">27 cm.</subfield>
  </datafield>
  <datafield tag="594" ind1=" " ind2=" ">
    <subfield code="a">Precede al t&#xED;t.: Institut Imp&#xE9;rial de France, Acad&#xE9;mie des Sciences.</subfield>
  </datafield>
  <datafield tag="595" ind1=" " ind2=" ">
    <subfield code="a">Extrait des "Comptes rendus des s&#xE9;ances de l'Acad&#xE9;mie des Sciences", t. LXII, s&#xE9;ance du 11 juin 1866, et t. LXIII, s&#xE9;ances des 9, 16 et 23 juillet 1866.</subfield>
  </datafield>
  <datafield tag="650" ind1=" " ind2="4">
    <subfield code="a">Proyecci&#xF3;n cartogr&#xE1;fica.</subfield>
    <subfield code="9">154258</subfield>
  </datafield>
  <datafield tag="710" ind1="2" ind2=" ">
    <subfield code="a">Acad&#xE9;mie des sciences (Francia)</subfield>
    <subfield code="9">1231</subfield>
  </datafield>
  <datafield tag="852" ind1=" " ind2=" ">
    <subfield code="a">ES-MaACL</subfield>
    <subfield code="j">L-32451(4) </subfield>
    <subfield code="z">- Enc. cart. </subfield>
    <subfield code="z">. - Legado Federico de Botella y de Hornos </subfield>
    <subfield code="z">- Enc. en un vol. facticio, con  t&#xED;t. en el lomo de: Rapport sur les progr&#xE9;s de la stratigraphie</subfield>
  </datafield>
  <datafield tag="999" ind1=" " ind2=" ">
    <subfield code="c">189618</subfield>
    <subfield code="d">189618</subfield>
  </datafield>
  <datafield tag="952" ind1=" " ind2=" ">
    <subfield code="0">0</subfield>
    <subfield code="1">0</subfield>
    <subfield code="4">0</subfield>
    <subfield code="7">0</subfield>
    <subfield code="8">LIBXIX</subfield>
    <subfield code="a">ATENEOM</subfield>
    <subfield code="b">ATENEOM</subfield>
    <subfield code="c">DEPO2</subfield>
    <subfield code="d">2019-07-03</subfield>
    <subfield code="e">DON</subfield>
    <subfield code="l">0</subfield>
    <subfield code="o">L-32451(4)</subfield>
    <subfield code="p">1200975</subfield>
    <subfield code="r">2023-02-23 00:00:00</subfield>
    <subfield code="w">2023-02-23</subfield>
    <subfield code="y">MONANT</subfield>
  </datafield>
</record>
